000
00209 a2200097 4500
001
29123
100
_a
Ahmad F
245
_a
Hussain the great martyr
260
_a
_b
Muhammad Ashraf
_c
090
_c
19451
_d
19451
942
_a
NUST-CAE
_c
M
_c
10504
999
_c
264196
_d
264196